000 00365pab a2200145 454500
008 180718b1990 xxu||||| |||| 00| 0 eng d
100 _aDatta, Abhijit
245 _aWhither district government
260 _c1990
300 _a2215-17
362 _a29 Sept.
650 _aDistrict Administration - India
773 _aEconomic and Political Weekly
909 _a7338
999 _c7338
_d7338